| 000 | 00478cam a22001457a 4500 | ||
|---|---|---|---|
| 008 | 180718b1981 xxu||||| |||| 00| 0 eng d | ||
| 082 | _aXA37x5461 In2r C.6 | ||
| 100 | _aMisra, Girish K. | ||
| 245 |
_aResettlement polcies in Delhi _cby Girish K. Misra And Rakesh Gupta |
||
| 260 |
_aNew Delhi _bIndian Institute Of Public Administration _c1981 |
||
| 300 | _axx,273p | ||
| 650 | _aSquatters --India --Delhi. | ||
| 650 | _aHousing policy --India --Delhi | ||
| 700 | _aGupta,Rakesh | ||
| 999 |
_c494317 _d494317 |
||